Miasta i wsie graniczące z gdańskiem - Statystyki

Ogólne statystyki
  • Ten quiz został rozwiązany 42 razy
  • Średni wynik to 7 z 15
Statystyki odpowiedzi
Hint Odpowiedź % Poprawnych
240 tyś Gdynia
97%
32 tyś Sopot
94%
31 tyś Pruszcz Gdański
78%
3,2 tyś Banino
56%
5,5 tyś Kowale
56%
4 tyś Chwaszczyno
50%
4 tyś Borkowo
41%
1,5 tyś Otomin
41%
2,2 tyś Rębiechowo
41%
4,5 tyś Straszyn
34%
2 tyś Leźno
31%
1,3 tyś Wiślinka
28%
2,7 tyś Pępowo
16%
1 tyś Czaple
13%
1,2 tyś Jankowo Gdańskie
9%
Nie znaleziono quizów pasujących do podanych kryteriów
Rozkład punktacji
Procent ludzi z każdym wynikiem
Percentyl według liczby udzielonych odpowiedzi
Twoja historia wyników
Nie rozwiązałeś tego quizu